Cómo medir la satisfacción del cliente: desarrollo y utilización de cuestionarios

Uloženo v:
Podrobná bibliografie
Hlavní autor: Hayes, Bob E (Autor)
Médium: Kniha
Jazyk:španělština
Vydáno: Barcelona Gestión 2000 1999
Vydání:2a. ed
Témata:
Tagy: Přidat tag
Žádné tagy, Buďte první, kdo vytvoří štítek k tomuto záznamu!

MARC

LEADER 00000cam a2200000 a 4500
001 UCD6478
003 CL-VaPUC
008 161209e19991200sp |||||||||||||||||spa|d
020 |a 848088391X 
082 0 4 |a 658.834  |b HAY  |2 21 
100 |a Hayes, Bob E  |e author  |9 590299 
245 1 0 |a Cómo medir la satisfacción del cliente: desarrollo y utilización de cuestionarios 
250 |a 2a. ed 
300 |a 197 p 
942 |c BK 
945 |d 20161209 23:21:00  |a arojas 
260 |a Barcelona  |b Gestión 2000  |c 1999 
650 0 |a Consumidores  |9 315658 
650 0 |a Clientes  |9 369499 
650 0 |a Investigación de mercado  |9 332310 
650 0 |a Métodos de investigación   |9 262618 
650 0 |a Análisis estadístico  |9 269506 
583 |a last modification  |c 20161209 23:21:00  |k Rodrigo Vera 
999 |c 366793  |d 366791